|
|
|
|
| LEADER |
00000nam0a2200000 4500 |
| 001 |
247398 |
| 005 |
20231101232309.0 |
| 035 |
|
|
|a (RuTPU)RU\TPU\book\268883
|
| 090 |
|
|
|a 247398
|
| 100 |
|
|
|a 20131225d2013 m y0rusy50 ca
|
| 101 |
0 |
|
|a rus
|
| 102 |
|
|
|a RU
|
| 105 |
|
|
|a a j 001zy
|
| 200 |
1 |
|
|a Лабораторный практикум по дисциплине "Безопасность жизнедеятельности"
|e учебное пособие
|f В. М. Гришагин, В. Я. Фарберов
|g Национальный исследовательский Томский политехнический университет (ТПУ), Юргинский технологический институт (ЮТИ)
|
| 210 |
|
|
|a Томск
|c Изд-во ТПУ
|d 2013
|
| 215 |
|
|
|a 112 с.
|c ил.
|
| 320 |
|
|
|a Библиогр.: с. 109.
|
| 330 |
|
|
|a В пособии содержатся лабораторные работы по основным разделам курса «Безопасность жизнедеятельности». Представленный материал служит для закрепления теоретических знаний и приобретения студентами практических навыков по исследованию характеристик опасных и вредных факторов среды обитания, порядку их нормирования и изысканию оптимальных способов защиты от них. Предназначено для студентов ЮТИ ТПУ всех направлений, специальностей и форм обучения, изучающих курс «Безопасность жизнедеятельности».
|
| 606 |
1 |
|
|a Безопасность жизнедеятельности
|2 stltpush
|3 (RuTPU)RU\TPU\subj\27856
|9 51540
|
| 610 |
1 |
|
|a защитное заземление
|
| 610 |
1 |
|
|a зануление
|
| 610 |
1 |
|
|a производственное освещение
|
| 610 |
1 |
|
|a вибрация
|
| 610 |
1 |
|
|a защита
|
| 610 |
1 |
|
|a шум
|
| 610 |
1 |
|
|a микроклимат
|
| 610 |
1 |
|
|a вода
|
| 610 |
1 |
|
|a очистка
|
| 610 |
1 |
|
|a методы
|
| 610 |
1 |
|
|a воздух
|
| 610 |
1 |
|
|a практикумы
|
| 610 |
1 |
|
|a лабораторные работы
|
| 610 |
1 |
|
|a учебные пособия
|
| 610 |
1 |
|
|a труды учёных ТПУ
|
| 675 |
|
|
|a 614.8(076.5)
|v 3
|
| 700 |
|
1 |
|a Гришагин
|b В. М.
|c специалист в области экологии и безопасности жизнедеятельности
|c доцент Юргинского технологического института (филиала) Томского политехнического университета
|f 1956-
|g Виктор Михайлович
|2 stltpush
|3 (RuTPU)RU\TPU\pers\24272
|
| 701 |
|
1 |
|a Фарберов
|b В. Я.
|c специалист в области экологии и безопасности жизнедеятельности
|c доцент Юргинского технологического института (филиала) Томского политехнического университета
|f 1949-
|g Вячеслав Яковлевич
|2 stltpush
|3 (RuTPU)RU\TPU\pers\24284
|9 10750
|
| 712 |
0 |
2 |
|a Национальный исследовательский Томский политехнический университет (ТПУ)
|b Юргинский технологический институт (ЮТИ)
|c (2009- )
|h 349
|2 stltpush
|3 (RuTPU)RU\TPU\col\15903
|
| 801 |
|
1 |
|a RU
|b 63413507
|c 20131225
|
| 801 |
|
2 |
|a RU
|b 63413507
|c 20140117
|g RCR
|
| 942 |
|
|
|c BK
|